Statistics for Country nearest neighbour connect without map

Click here to take the quiz!

General Stats

  • This quiz has been taken 52 times
  • The average score is 156 of 196

Answer Stats

Country% Correct
New Zealand
100%
Tonga
95%
Federated States of Micronesia
93%
Fiji
93%
Kiribati
93%
Marshall Islands
93%
Nauru
93%
Palau
93%
Philippines
93%
Samoa
93%
Sao Tome and Principe
93%
Tuvalu
93%
Vanuatu
93%
Afghanistan
90%
Angola
90%
Bahrain
90%
Bangladesh
90%
Benin
90%
Bhutan
90%
Botswana
90%
Brunei
90%
Burkina Faso
90%
Burundi
90%
Cambodia
90%
Cameroon
90%
Central African Republic
90%
Chad
90%
Democratic Republic of the Congo
90%
Djibouti
90%
Equatorial Guinea
90%
Eritrea
90%
Ethiopia
90%
Gabon
90%
Gambia
90%
Ghana
90%
Guinea
90%
Guinea-Bissau
90%
India
90%
Iran
90%
Ivory Coast
90%
Kazakhstan
90%
Kuwait
90%
Kyrgyzstan
90%
Laos
90%
Liberia
90%
Malawi
90%
Malaysia
90%
Mali
90%
Mauritania
90%
Mozambique
90%
Myanmar
90%
Namibia
90%
Nepal
90%
Niger
90%
Nigeria
90%
Oman
90%
Pakistan
90%
Papua New Guinea
90%
Qatar
90%
Republic of the Congo
90%
Rwanda
90%
Senegal
90%
Sierra Leone
90%
Singapore
90%
Solomon Islands
90%
South Sudan
90%
Sudan
90%
Tajikistan
90%
Tanzania
90%
Thailand
90%
Togo
90%
Turkmenistan
90%
Uganda
90%
United Arab Emirates
90%
Uzbekistan
90%
Vietnam
90%
Yemen
90%
Zambia
90%
Zimbabwe
90%
Seychelles
88%
Comoros
85%
Eswatini
85%
Kenya
85%
Lesotho
85%
Madagascar
85%
Mauritius
85%
Somalia
85%
Armenia
83%
Azerbaijan
83%
Cyprus
83%
Egypt
83%
Israel
83%
Jordan
83%
Lebanon
83%
Syria
83%
Turkey
83%
Georgia
80%
South Africa
80%
Albania
78%
Algeria
78%
Andorra
78%
Austria
78%
Belarus
78%
Belgium
78%
Bosnia and Herzegovina
78%
Croatia
78%
Czech Republic
78%
Denmark
78%
Estonia
78%
Finland
78%
France
78%
Germany
78%
Greece
78%
Hungary
78%
Iraq
78%
Italy
78%
Kosovo
78%
Latvia
78%
Liechtenstein
78%
Lithuania
78%
Luxembourg
78%
Malta
78%
Moldova
78%
Monaco
78%
Montenegro
78%
Morocco
78%
Netherlands
78%
North Macedonia
78%
Norway
78%
Portugal
78%
Romania
78%
San Marino
78%
Saudi Arabia
78%
Serbia
78%
Slovakia
78%
Slovenia
78%
Spain
78%
Sweden
78%
Switzerland
78%
Tunisia
78%
Ukraine
78%
Vatican City
78%
Libya
73%
Belize
71%
Canada
71%
Guatemala
71%
Iceland
71%
Ireland
71%
Mexico
71%
United Kingdom
71%
United States
71%
Argentina
68%
Bolivia
68%
Brazil
68%
Chile
68%
Colombia
68%
Costa Rica
68%
Ecuador
68%
El Salvador
68%
Guyana
68%
Honduras
68%
Nicaragua
68%
Panama
68%
Paraguay
68%
Peru
68%
Suriname
68%
Trinidad and Tobago
68%
Uruguay
68%
Antigua and Barbuda
66%
Dominica
66%
Grenada
66%
Saint Lucia
66%
Saint Vincent and the Grenadines
66%
Saint Kitts and Nevis
63%
Bahamas
61%
Barbados
61%
Cuba
61%
Dominican Republic
61%
Haiti
61%
Jamaica
61%
Venezuela
59%
Bulgaria
56%
Poland
56%
Cape Verde
54%
Australia
49%
China
49%
Japan
49%
Mongolia
49%
North Korea
49%
Russia
49%
South Korea
49%
Taiwan
49%
East Timor
46%
Sri Lanka
46%
Indonesia
44%
Maldives
44%

Score Distribution

Percentile by Number Answered

Percent of People with Each Score

Your Score History

You have not taken this quiz